[Event "Oberliga Ost A 2018 2019"]
[Site "?"]
[Date "2019.03.23"]
[Round "8.5"]
[White "Floeter, Frank"]
[Black "Oehl, Tim"]
[Result "1/2-1/2"]
[WhiteElo "2133"]
[BlackElo "2119"]
[PlyCount "41"]
[EventDate "2018.10.21"]
[EventType "team-tourn"]
[EventCountry "GER"]
[WhiteTeam "Aue ESV Nickelhuette II"]
[BlackTeam "Dresden USV TU II"]
[WhiteTeamCountry "GER"]
[BlackTeamCountry "GER"]

1. d4 e6 2. c4 f5 3. Nc3 Nf6 4. e3 b6 5. Bd3 Bb7 6. f3 c5 7. Nge2 Be7 8. O-O
Nc6 9. d5 Ne5 10. Bb1 Nxc4 11. dxe6 d5 12. Qa4+ Kf8 13. Bxf5 g6 14. Bh3 a6 15.
Rd1 b5 16. Qc2 Qc7 17. b3 Nb6 18. e4 d4 19. e5 Nfd5 20. Bh6+ Ke8 21. Nxd5
1/2-1/2

[Event "Oberliga Ost A 2018 2019"]
[Site "?"]
[Date "2019.03.23"]
[Round "8.6"]
[White "Richter, Philipp"]
[Black "Heinz, Juergen"]
[Result "0-1"]
[WhiteElo "2023"]
[BlackElo "2198"]
[PlyCount "90"]
[EventDate "2018.10.21"]
[EventType "team-tourn"]
[EventCountry "GER"]
[WhiteTeam "Dresden USV TU II"]
[BlackTeam "Aue ESV Nickelhuette II"]
[WhiteTeamCountry "GER"]
[BlackTeamCountry "GER"]

1. d4 Nf6 2. c4 e6 3. Nc3 c5 4. d5 exd5 5. cxd5 d6 6. e4 g6 7. f4 Bg7 8. e5
Nfd7 9. Ne4 dxe5 10. Nd6+ Kf8 11. Nf3 Na6 12. Ng5 Qf6 13. Ngxf7 exf4 14. Bxa6
Ne5 15. O-O Nxf7 16. Nxf7 Qd4+ 17. Qxd4 Bxd4+ 18. Kh1 Kxf7 19. Rxf4+ Kg7 20.
Bc4 Bd7 21. Bd2 Rhf8 22. d6 Rxf4 23. Bxf4 Re8 24. Rf1 h6 25. Bd2 Bf5 26. Bd5 b6
27. g4 Be6 28. Bxe6 Rxe6 29. Bf4 Bf6 30. d7 Bd8 31. b4 c4 32. b5 g5 33. Bg3 Re7
34. Rd1 c3 35. Rd6 c2 36. Rc6 Re2 37. Kg1 Rd2 38. Be5+ Kf7 39. Bb2 Ke7 40. Kf1
Kxd7 41. Ke1 Rxh2 42. Bc1 Be7 43. Bd2 Bc5 44. Rg6 Bb4 45. Rg7+ Ke6 0-1

[Event "Oberliga Ost A 2018 2019"]
[Site "?"]
[Date "2019.03.23"]
[Round "8.7"]
[White "Poessel, Christian"]
[Black "Ledfuss, Guntram"]
[Result "1/2-1/2"]
[WhiteElo "1982"]
[BlackElo "2010"]
[PlyCount "187"]
[EventDate "2018.10.21"]
[EventType "team-tourn"]
[EventCountry "GER"]
[WhiteTeam "Aue ESV Nickelhuette II"]
[BlackTeam "Dresden USV TU II"]
[WhiteTeamCountry "GER"]
[BlackTeamCountry "GER"]

1. d4 Nf6 2. c4 g6 3. Nc3 Bg7 4. e4 d6 5. Nf3 O-O 6. Be2 e5 7. Be3 Qe7 8. d5
Ng4 9. Bg5 f6 10. Bc1 f5 11. Ng5 a5 12. exf5 gxf5 13. Bxg4 fxg4 14. Be3 Na6 15.
Qd2 Nc5 16. h3 Rf4 17. hxg4 Qxg5 18. g3 Qxg4 19. gxf4 Qf3 20. Rg1 exf4 21. Bxc5
Bg4 22. Be3 Re8 23. Nd1 Bh5 24. Rc1 Kf8 25. Rc2 Bf6 26. Qe2 Qh3 27. Qf1 Qf5 28.
Rd2 Bh4 29. Qg2 Qf7 30. Rd3 Bg6 31. Rc3 Qf5 32. Qg4 Qf6 33. Kd2 fxe3+ 34. Rxe3
Rxe3 35. fxe3 Qe7 36. Nc3 Kg7 37. e4 Bf6 38. Qe6 Qxe6 39. dxe6 c6 40. b3 Kf8
41. Rg4 Ke7 42. Ne2 Be5 43. Ke3 Kxe6 44. Nf4+ Bxf4+ 45. Kxf4 b6 46. Rg5 Kf6 47.
e5+ Ke6 48. exd6 Kxd6 49. a3 c5 50. Rg3 Bc2 51. Rc3 Bg6 52. Rc1 Bh5 53. Kg5 Bg6
54. Kf6 Be4 55. Rd1+ Kc6 56. Rd2 Bg6 57. Ke7 Bf5 58. Rf2 Bd3 59. Rd2 Bf5 60.
Kd8 Bg6 61. Rf2 Bd3 62. Rf6+ Kb7 63. Kd7 a4 64. bxa4 Bxc4 65. a5 bxa5 66. Kd6
Kb6 67. Rf5 Bd3 68. Rxc5 Bg6 69. Kd5 Bf7+ 70. Kd4 Bg6 71. Re5 Bf7 72. Re7 Bg6
73. Kc4 a4 74. Kb4 Bc2 75. Re6+ Kc7 76. Kc5 Kd7 77. Re2 Bb3 78. Rh2 Ke6 79.
Rxh7 Ke5 80. Re7+ Be6 81. Kc6 Kf6 82. Kd6 Bb3 83. Re8 Kf7 84. Re4 Bc2 85. Rf4+
Ke8 86. Rc4 Bb3 87. Rc7 Kd8 88. Ra7 Ke8 89. Rb7 Bc2 90. Rg7 Bb3 91. Rh7 Bc2 92.
Re7+ Kd8 93. Re3 Bb3 94. Rh3 1/2-1/2

[Event "Oberliga Ost A 2018 2019"]
[Site "?"]
[Date "2019.03.23"]
[Round "8.8"]
[White "Lutz, Ruben"]
[Black "Roskova, Katerina"]
[Result "0-1"]
[WhiteElo "2056"]
[BlackElo "1972"]
[PlyCount "62"]
[EventDate "2018.10.21"]
[EventType "team-tourn"]
[EventCountry "GER"]
[WhiteTeam "Dresden USV TU II"]
[BlackTeam "Aue ESV Nickelhuette II"]
[WhiteTeamCountry "GER"]
[BlackTeamCountry "GER"]

1. d4 Nf6 2. Bf4 g6 3. e3 Bg7 4. Nf3 c5 5. c3 b6 6. Bd3 Bb7 7. Nbd2 Nc6 8. h3
O-O 9. O-O Rc8 10. Qe2 d6 11. Bh2 Re8 12. Rfe1 Qc7 13. a4 e6 14. Ba6 Red8 15.
Bxb7 Qxb7 16. Nc4 Bf8 17. a5 b5 18. a6 Qc7 19. Na3 b4 20. Nb5 Qb6 21. dxc5 dxc5
22. e4 Rd7 23. e5 Ne8 24. Ng5 Bg7 25. Nd6 Nxd6 26. exd6 e5 27. Red1 Rcd8 28.
Ne4 Na5 29. Qf3 Nc4 30. Rd5 f5 31. Nxc5 Rxd6 0-1

[Event "Oberliga Ost A 2018 2019"]
[Site "?"]
[Date "2019.03.23"]
[Round "8.1"]
[White "Pietsch, Michael"]
[Black "Hollan, Petr"]
[Result "1-0"]
[WhiteElo "2176"]
[BlackElo "2289"]
[PlyCount "59"]
[EventDate "2018.10.21"]
[EventType "team-tourn"]
[EventCountry "GER"]
[WhiteTeam "Coswig TuS"]
[BlackTeam "Magdeburg SV Rochade"]
[WhiteTeamCountry "GER"]
[BlackTeamCountry "GER"]

1. c4 Nf6 2. g3 e6 3. Nf3 d5 4. d4 Bb4+ 5. Bd2 Bxd2+ 6. Nbxd2 c6 7. Bg2 O-O 8.
Qc2 Nbd7 9. O-O b6 10. e4 Bb7 11. e5 Ne8 12. h4 g6 13. Rfe1 Ng7 14. Rac1 Rc8
15. Qa4 c5 16. Qxa7 Bc6 17. Qa3 dxc4 18. Nxc4 Ra8 19. Qc3 Rxa2 20. dxc5 bxc5
21. Ng5 Bxg2 22. Kxg2 f6 23. exf6 Nxf6 24. Rcd1 Qa8+ 25. Kg1 Ra6 26. Ne5 Qe8
27. Re2 Nd5 28. Qc4 Ra4 29. Qc2 Nb4 30. Qb1 {Rest nicht nachvollziehbar} 1-0

[Event "Oberliga Ost A 2018 2019"]
[Site "?"]
[Date "2019.03.23"]
[Round "8.2"]
[White "Mueller, Dominik"]
[Black "Schweitzer, Andreas"]
[Result "1/2-1/2"]
[WhiteElo "2244"]
[BlackElo "2270"]
[PlyCount "74"]
[EventDate "2018.10.21"]
[EventType "team-tourn"]
[EventCountry "GER"]
[WhiteTeam "Magdeburg SV Rochade"]
[BlackTeam "Coswig TuS"]
[WhiteTeamCountry "GER"]
[BlackTeamCountry "GER"]

1. d4 d5 2. c4 c6 3. Nf3 Nf6 4. g3 dxc4 5. Bg2 e6 6. O-O b5 7. a4 Bb7 8. b3
cxb3 9. Nbd2 Nbd7 10. Nxb3 a5 11. Bg5 Qb6 12. Qc2 Bb4 13. Ne5 Nxe5 14. dxe5 Nd7
15. Be3 c5 16. Rfd1 Bxg2 17. Kxg2 Qb7+ 18. f3 O-O 19. axb5 Rfc8 20. Nd2 Nxe5
21. Ne4 c4 22. b6 Rc6 23. Bd4 Nd7 24. Ng5 f5 25. e4 h6 26. Nh3 Rf8 27. exf5
exf5 28. Nf4 Nxb6 29. Nh5 Rf7 30. Nxg7 Rxg7 31. Bxg7 Kxg7 32. Qxf5 Rf6 33. Qg4+
Rg6 34. Qd4+ Rf6 35. Qg4+ Rg6 36. Qd4+ Rf6 37. Qg4+ Rg6 1/2-1/2

[Event "Oberliga Ost A 2018 2019"]
[Site "?"]
[Date "2019.03.23"]
[Round "8.3"]
[White "Klawa, Patrick"]
[Black "Kuchynka, Lukas"]
[Result "0-1"]
[WhiteElo "2188"]
[BlackElo "2292"]
[PlyCount "98"]
[EventDate "2018.10.21"]
[EventType "team-tourn"]
[EventCountry "GER"]
[WhiteTeam "Coswig TuS"]
[BlackTeam "Magdeburg SV Rochade"]
[WhiteTeamCountry "GER"]
[BlackTeamCountry "GER"]

1. e4 c5 2. Nf3 b6 3. Bc4 e6 4. O-O Bb7 5. Re1 Nf6 6. Nc3 d6 7. d4 cxd4 8. Nxd4
Qc8 9. Bb3 a6 10. f4 h5 11. h3 Nc6 12. Be3 Na5 13. Bf2 Be7 14. e5 dxe5 15. fxe5
Nd7 16. Qd3 Nc5 17. Qg3 Rh6 18. Nf3 Rg6 19. Qf4 Qc6 20. Kf1 Naxb3 21. axb3 a5
22. b4 axb4 23. Rxa8+ Bxa8 24. Ne2 Ne4 25. Ned4 Qc4+ 26. Re2 Nxf2 27. Kxf2 Bc5
28. Rd2 Bd5 29. Ke1 Bxd4 30. Rxd4 Qxc2 31. Nh4 Qxb2 32. Nxg6 Qb1+ 33. Rd1 Qxg6
34. Qxb4 Qg3+ 35. Kd2 Qxg2+ 36. Kc3 Qg3+ 37. Kc2 Qf2+ 38. Kb1 Qa2+ 39. Kc1 Qa1+
40. Kd2 Qxe5 41. Rc1 Qh2+ 42. Ke1 Qg1+ 43. Kd2 Qg5+ 44. Kc2 Qg2+ 45. Kc3 Qxh3+
46. Kb2 Qh2+ 47. Rc2 Qe5+ 48. Kc1 Qa1+ 49. Kd2 Qa5 0-1

[Event "Oberliga Ost A 2018 2019"]
[Site "?"]
[Date "2019.03.23"]
[Round "8.4"]
[White "Bednar, Marcel"]
[Black "Escher, Thomas"]
[Result "1/2-1/2"]
[WhiteElo "2240"]
[BlackElo "2187"]
[PlyCount "109"]
[EventDate "2018.10.21"]
[EventType "team-tourn"]
[EventCountry "GER"]
[WhiteTeam "Magdeburg SV Rochade"]
[BlackTeam "Coswig TuS"]
[WhiteTeamCountry "GER"]
[BlackTeamCountry "GER"]

1. d4 d5 2. Nf3 Nc6 3. Bf4 Bg4 4. e3 e6 5. h3 Bxf3 6. Qxf3 Bd6 7. Bb5 Nge7 8.
O-O O-O 9. Nc3 a6 10. Bxc6 Nxc6 11. Rad1 Qf6 12. Rfe1 Bxf4 13. Qxf4 Qxf4 14.
exf4 g6 15. Na4 b6 16. Re3 Ne7 17. g4 Kg7 18. Kg2 Rh8 19. f3 h6 20. h4 Kf6 21.
Kg3 Rab8 22. Rb3 Rhc8 23. Kf2 h5 24. Rd2 Nc6 25. Ra3 Ra8 26. Nc3 Na5 27. b3 Nb7
28. Ne2 Nd6 29. Rd1 c5 30. dxc5 bxc5 31. c4 d4 32. Ng3 Rh8 33. g5+ Ke7 34. Re1
a5 35. Re5 Rhc8 36. Ra4 Kd7 37. Ke2 Kc6 38. Kd3 Rcb8 39. Ne4 Nxe4 40. Rxe4 Kd6
41. Re2 Rb4 42. Rxb4 axb4 43. Ke4 Re8 44. Rg2 Rd8 45. Rd2 Rd7 46. Rd3 f5+ 47.
gxf6 Rf7 48. Rd1 Rxf6 49. Rg1 Ke7 50. Rg2 Kf7 51. a4 bxa3 52. Ra2 e5 53. Rxa3
exf4 54. Ra7+ Kg8 55. b4 1/2-1/2

[Event "Oberliga Ost A 2018 2019"]
[Site "?"]
[Date "2019.03.23"]
[Round "8.5"]
[White "Piotraschke, Jens"]
[Black "Niering, Martin"]
[Result "0-1"]
[WhiteElo "2117"]
[BlackElo "2210"]
[PlyCount "58"]
[EventDate "2018.10.21"]
[EventType "team-tourn"]
[EventCountry "GER"]
[WhiteTeam "Coswig TuS"]
[BlackTeam "Magdeburg SV Rochade"]
[WhiteTeamCountry "GER"]
[BlackTeamCountry "GER"]

1. d4 d5 2. Nf3 Nf6 3. g3 e6 4. Bg2 Be7 5. c4 O-O 6. O-O dxc4 7. Ne5 Nc6 8.
Nxc6 bxc6 9. Na3 Bxa3 10. bxa3 Nd5 11. Qa4 Nb6 12. Qxc6 Rb8 13. Qc5 Ba6 14. Bf4
Nd5 15. Qxa7 Nxf4 16. gxf4 Qd6 17. Rab1 Rxb1 18. Rxb1 c3 19. Qc5 Qxc5 20. dxc5
Rd8 21. Be4 Bxe2 22. Rb3 Rd1+ 23. Kg2 f5 24. Bc2 Rc1 25. Rxc3 Bd1 26. Rd3 Bxc2
27. Rd8+ Kf7 28. Rd7+ Kf6 29. Rxc7 Be4+ 0-1

[Event "Oberliga Ost A 2018 2019"]
[Site "?"]
[Date "2019.03.23"]
[Round "8.6"]
[White "Stolz, Mike"]
[Black "Merker, Matthias"]
[Result "1-0"]
[WhiteElo "2301"]
[BlackElo "2145"]
[PlyCount "91"]
[EventDate "2018.10.21"]
[EventType "team-tourn"]
[EventCountry "GER"]
[WhiteTeam "Magdeburg SV Rochade"]
[BlackTeam "Coswig TuS"]
[WhiteTeamCountry "GER"]
[BlackTeamCountry "GER"]

1. e4 Nf6 2. e5 Nd5 3. d4 d6 4. Nf3 dxe5 5. dxe5 Nc6 6. Be2 g6 7. c4 Ndb4 8. a3
Qxd1+ 9. Kxd1 Na6 10. b4 Nd8 11. Bb2 Bg7 12. Nbd2 c6 13. h3 O-O 14. Re1 Ne6 15.
g3 Rd8 16. Kc2 b6 17. Bd3 Bb7 18. Be4 Rab8 19. Nb3 c5 20. b5 Bxe4+ 21. Rxe4
Nac7 22. a4 a5 23. Rae1 Rd7 24. Ng1 Rbd8 25. f4 Rd3 26. R4e3 Rxe3 27. Rxe3 Rd7
28. Ne2 h5 29. Bc3 Bh6 30. Re4 Kf8 31. Bd2 Kg7 32. g4 hxg4 33. hxg4 Kh7 34. f5
Nd8 35. g5 Bg7 36. Bxa5 gxf5 37. Rh4+ Kg6 38. Bxb6 Nde6 39. Nxc5 Nxc5 40. Bxc5
Kxg5 41. Rd4 Rxd4 42. Bxe7+ Kg4 43. Nxd4 Bxe5 44. Nc6 Bg3 45. Kd3 Kf3 46. Nd4+
1-0

[Event "Oberliga Ost A 2018 2019"]
[Site "?"]
[Date "2019.03.23"]
[Round "8.7"]
[White "Poenisch, Eckehard"]
[Black "Waechter, Nathalie"]
[Result "1-0"]
[WhiteElo "2153"]
[BlackElo "2038"]
[PlyCount "55"]
[EventDate "2018.10.21"]
[EventType "team-tourn"]
[EventCountry "GER"]
[WhiteTeam "Coswig TuS"]
[BlackTeam "Magdeburg SV Rochade"]
[WhiteTeamCountry "GER"]
[BlackTeamCountry "GER"]

1. e4 d5 2. exd5 Qxd5 3. Nc3 Qa5 4. Bc4 Nf6 5. h3 c6 6. d3 h6 7. Qe2 Bf5 8. Bd2
Nbd7 9. g4 Bg6 10. f4 Qc7 11. O-O-O b5 12. Bb3 Nc5 13. f5 Nxb3+ 14. axb3 Bh7
15. Nf3 g6 16. fxg6 Bxg6 17. Ne5 a5 18. Rde1 Rg8 19. Qf3 Rc8 20. Rhf1 Bg7 21.
h4 Rf8 22. Bf4 Qb7 23. Nxg6 fxg6 24. Ne4 Kf7 25. g5 Nd5 26. gxh6 Bf6 27. Qg4 c5
28. Nd6+ 1-0

[Event "Oberliga Ost A 2018 2019"]
[Site "?"]
[Date "2019.03.23"]
[Round "8.8"]
[White "Kahe, Ralph"]
[Black "Kunath, Tim"]
[Result "1-0"]
[WhiteElo "2151"]
[BlackElo "2099"]
[PlyCount "95"]
[EventDate "2018.10.21"]
[EventType "team-tourn"]
[EventCountry "GER"]
[WhiteTeam "Magdeburg SV Rochade"]
[BlackTeam "Coswig TuS"]
[WhiteTeamCountry "GER"]
[BlackTeamCountry "GER"]

1. d4 Nf6 2. c4 g6 3. Nc3 Bg7 4. e4 d6 5. f3 O-O 6. Be3 c5 7. dxc5 dxc5 8. Qxd8
Rxd8 9. Bxc5 Nc6 10. Ba3 a5 11. Rd1 Be6 12. Rxd8+ Rxd8 13. Nd5 Bxd5 14. cxd5
Nb4 15. Bb5 Nc2+ 16. Kf2 Nxa3 17. bxa3 Ne8 18. Ne2 Nd6 19. a4 Nxb5 20. axb5 Bh6
21. Rd1 Rc8 22. e5 Kf8 23. g3 Ke8 24. a4 Kd7 25. f4 f6 26. Kf3 fxe5 27. fxe5
Rc2 28. Rd4 Bg7 29. Re4 Rd2 30. Nf4 Rxh2 31. Ne6 Bh8 32. Nc5+ Kc7 33. d6+ exd6
34. exd6+ Kxd6 35. Nxb7+ Kd5 36. Nxa5 Bd4 37. Re2 Rh1 38. Nc6 Bf6 39. Rc2 Rb1
40. Kg2 Rb3 41. Rf2 Bc3 42. Ra2 Kc5 43. a5 Rb2+ 44. Rxb2 Bxb2 45. a6 Kb6 46. a7
Kb7 47. b6 Ba3 48. Nd8+ 1-0

[Event "Oberliga Ost A 2018 2019"]
[Site "?"]
[Date "2019.03.23"]
[Round "8.1"]
[White "Mueller, Frank"]
[Black "Zwahr, Paul"]
[Result "1-0"]
[WhiteElo "2253"]
[BlackElo "2302"]
[PlyCount "43"]
[EventDate "2018.10.21"]
[EventType "team-tourn"]
[EventCountry "GER"]
[WhiteTeam "Leipzig VfB Schach"]
[BlackTeam "Dresden SG Gruen Weiss"]
[WhiteTeamCountry "GER"]
[BlackTeamCountry "GER"]

1. d4 Nf6 2. Nf3 g6 3. c4 Bg7 4. Nc3 O-O 5. e4 d6 6. h3 e5 7. d5 a5 8. g4 Na6
9. Be3 Nd7 10. a3 Nb6 11. Rg1 Kh8 12. h4 f5 13. gxf5 gxf5 14. Ng5 Qe8 15. Be2
Nc5 16. Bh5 Qe7 17. Nxh7 Kxh7 18. Bg6+ Kg8 19. Qh5 Rf6 20. Qh7+ Kf8 21. Bh6
Nd3+ 22. Kf1 1-0

[Event "Oberliga Ost A 2018 2019"]
[Site "?"]
[Date "2019.03.23"]
[Round "8.2"]
[White "Rudolf, Sebastian"]
[Black "Heinrich, Thomas"]
[Result "1-0"]
[WhiteElo "2297"]
[BlackElo "2185"]
[PlyCount "97"]
[EventDate "2018.10.21"]
[EventType "team-tourn"]
[EventCountry "GER"]
[WhiteTeam "Dresden SG Gruen Weiss"]
[BlackTeam "Leipzig VfB Schach"]
[WhiteTeamCountry "GER"]
[BlackTeamCountry "GER"]

1. e4 e6 2. d4 d5 3. Nd2 Nf6 4. e5 Nfd7 5. f4 c5 6. c3 Nc6 7. Ndf3 cxd4 8. cxd4
Nb6 9. Bd3 a5 10. Ne2 Nb4 11. Bb1 a4 12. a3 Nc6 13. Nc3 Bd7 14. Bc2 Be7 15. O-O
g6 16. Kh1 h5 17. Rb1 Kf8 18. Nxa4 Nxa4 19. Bxa4 Nxe5 20. fxe5 Bxa4 21. b3 Bb5
22. Rf2 h4 23. a4 Ba6 24. h3 Kg7 25. Be3 b5 26. axb5 Bxb5 27. Nh2 Rh5 28. Ng4
Rf5 29. Bh6+ Kh7 30. Bf4 Kg7 31. Qd2 g5 32. Be3 Qa5 33. b4 Qd8 34. Nh2 Ra3 35.
Qc1 Rd3 36. Nf3 Kg6 37. Ne1 g4 38. Nxd3 Bxd3 39. Rb3 Be4 40. hxg4 Rxf2 41. Bxf2
Qa8 42. Kg1 Qa4 43. Qb2 Qb5 44. Rh3 Qa4 45. Bxh4 Qxb4 46. Qf2 Bxh4 47. Rxh4 Qe7
48. Rh5 Kg7 49. Qf4 1-0

[Event "Oberliga Ost A 2018 2019"]
[Site "?"]
[Date "2019.03.23"]
[Round "8.3"]
[White "Geiling, Christian"]
[Black "Siedentopf, Daniel"]
[Result "1/2-1/2"]
[WhiteElo "2170"]
[BlackElo "2296"]
[PlyCount "27"]
[EventDate "2018.10.21"]
[EventType "team-tourn"]
[EventCountry "GER"]
[WhiteTeam "Leipzig VfB Schach"]
[BlackTeam "Dresden SG Gruen Weiss"]
[WhiteTeamCountry "GER"]
[BlackTeamCountry "GER"]

1. Nf3 f5 2. d3 d6 3. Nc3 e5 4. g3 Nf6 5. Bg2 Be7 6. O-O O-O 7. e4 Nc6 8. Nh4
fxe4 9. dxe4 Nd4 10. Ne2 Bg4 11. f3 Nxe2+ 12. Qxe2 Bd7 13. Nf5 Bxf5 14. exf5
1/2-1/2

[Event "Oberliga Ost A 2018 2019"]
[Site "?"]
[Date "2019.03.23"]
[Round "8.4"]
[White "Zimmermann, Rene"]
[Black "Rohne, Lars"]
[Result "1-0"]
[WhiteElo "2216"]
[BlackElo "2161"]
[PlyCount "113"]
[EventDate "2018.10.21"]
[EventType "team-tourn"]
[EventCountry "GER"]
[WhiteTeam "Dresden SG Gruen Weiss"]
[BlackTeam "Leipzig VfB Schach"]
[WhiteTeamCountry "GER"]
[BlackTeamCountry "GER"]

1. d4 d5 2. c4 e6 3. Nc3 Nf6 4. Bg5 Be7 5. Qc2 Nbd7 6. e3 h6 7. Bf4 c6 8. h3 a6
9. cxd5 Nxd5 10. Nxd5 exd5 11. Nf3 Bb4+ 12. Nd2 Nf6 13. Bd3 Qe7 14. a3 Bd6 15.
Bxd6 Qxd6 16. b4 O-O 17. Rb1 Bd7 18. Qc5 Ne8 19. Nf3 Qe6 20. Ne5 Nd6 21. O-O
Be8 22. a4 f6 23. Nf3 Bd7 24. Rfe1 Rae8 25. Nd2 f5 26. Nf3 Qf6 27. Ne5 Rxe5 28.
dxe5 Qxe5 29. Qd4 Qe6 30. f3 Qg6 31. b5 Qg3 32. bxa6 bxa6 33. Bxa6 f4 34. e4
dxe4 35. Qxd6 Bxh3 36. Bf1 exf3 37. Bc4+ Kh7 38. Qd3+ Bf5 39. Qxf3 Qxf3 40.
gxf3 Bxb1 41. Rxb1 Ra8 42. Bd3+ Kg8 43. Rb4 g5 44. Be4 Ra6 45. Rc4 c5 46. Bb7
Ra5 47. Bc6 Kg7 48. Bb5 h5 49. Rxc5 Kf6 50. Rc6+ Kg7 51. Ra6 Rxa6 52. Bxa6 Kf6
53. Bd3 Ke7 54. Bg6 h4 55. Kg2 Kd6 56. Kh3 Kc5 57. Be8 1-0

[Event "Oberliga Ost A 2018 2019"]
[Site "?"]
[Date "2019.03.23"]
[Round "8.5"]
[White "Collini, Carsten"]
[Black "Gehmlich, Marcel"]
[Result "0-1"]
[WhiteElo "2136"]
[BlackElo "2181"]
[PlyCount "112"]
[EventDate "2018.10.21"]
[EventType "team-tourn"]
[EventCountry "GER"]
[WhiteTeam "Leipzig VfB Schach"]
[BlackTeam "Dresden SG Gruen Weiss"]
[WhiteTeamCountry "GER"]
[BlackTeamCountry "GER"]

1. e4 c5 2. Nf3 e6 3. Nc3 a6 4. g3 b5 5. Bg2 Bb7 6. d3 d6 7. O-O Nf6 8. a4 b4
9. Ne2 Be7 10. Nd2 Nc6 11. Nc4 O-O 12. h3 Re8 13. f4 d5 14. exd5 exd5 15. Ne3
Bf8 16. g4 d4 17. Nc4 Na5 18. Bxb7 Nxb7 19. Ng3 Na5 20. Nxa5 Qxa5 21. Qf3 Rad8
22. Bd2 Qc7 23. b3 Qd7 24. Rae1 Rxe1 25. Rxe1 c4 26. Ne4 Nxe4 27. Qxe4 cxb3 28.
cxb3 h5 29. Qf5 Qc6 30. Rc1 Qf3 31. gxh5 Qg3+ 32. Kf1 Qf3+ 33. Kg1 Re8 34. Re1
Re2 35. Rxe2 Qxe2 36. Bxb4 Qd1+ 37. Kg2 Qc2+ 38. Kf3 Bxb4 39. h6 Qc6+ 40. Qe4
Qxh6 41. Qxd4 Qxh3+ 42. Kf2 Qh2+ 43. Kf3 Qh1+ 44. Kf2 Qe1+ 45. Kg2 a5 46. Qd8+
Bf8 47. Qd5 Qe2+ 48. Kg3 Qe3+ 49. Kg2 Qc5 50. Qd8 Qc2+ 51. Kf3 Qxb3 52. Qxa5
Qxd3+ 53. Kg2 Qe4+ 54. Kg3 Qe3+ 55. Kg4 g6 56. Qc7 Be7 0-1

[Event "Oberliga Ost A 2018 2019"]
[Site "?"]
[Date "2019.03.23"]
[Round "8.6"]
[White "Schnoor, Ekkehard"]
[Black "Just, Wolfgang"]
[Result "1/2-1/2"]
[WhiteElo "2159"]
[BlackElo "2137"]
[PlyCount "74"]
[EventDate "2018.10.21"]
[EventType "team-tourn"]
[EventCountry "GER"]
[WhiteTeam "Dresden SG Gruen Weiss"]
[BlackTeam "Leipzig VfB Schach"]
[WhiteTeamCountry "GER"]
[BlackTeamCountry "GER"]

1. e4 e6 2. d4 d5 3. exd5 exd5 4. Nf3 Nc6 5. Nc3 Bb4 6. Bd3 Bg4 7. a3 Ba5 8.
Be3 Nf6 9. h3 Bh5 10. O-O Bxc3 11. bxc3 O-O 12. c4 Na5 13. cxd5 Qxd5 14. Rb1 a6
15. a4 Ne4 16. Rb4 Nd6 17. Qe2 Bg6 18. Bxg6 hxg6 19. Ne5 b5 20. Rfb1 Nc6 21.
Nxc6 Qxc6 22. axb5 axb5 23. Bf4 Ne4 24. d5 Nc3 25. dxc6 Nxe2+ 26. Kf1 Nc3 27.
Re1 Nd5 28. Rd4 Nxf4 29. Rxf4 Ra6 30. Rb4 Rxc6 31. Rxb5 Rxc2 32. Rd5 c5 33. Rd7
c4 34. Rc7 Rd8 35. g4 g5 36. Ree7 Rf8 37. Rc5 Rd8 1/2-1/2

[Event "Oberliga Ost A 2018 2019"]
[Site "?"]
[Date "2019.03.23"]
[Round "8.7"]
[White "Mader, Joerg"]
[Black "Hutsch, Oliver"]
[Result "1-0"]
[WhiteElo "2095"]
[BlackElo "2140"]
[PlyCount "71"]
[EventDate "2018.10.21"]
[EventType "team-tourn"]
[EventCountry "GER"]
[WhiteTeam "Leipzig VfB Schach"]
[BlackTeam "Dresden SG Gruen Weiss"]
[WhiteTeamCountry "GER"]
[BlackTeamCountry "GER"]

1. d4 Nf6 2. c4 e6 3. Nf3 d5 4. Bg5 Be7 5. e3 c6 6. Nc3 Nbd7 7. Rc1 O-O 8. a3
Re8 9. Bd3 dxc4 10. Bxc4 a5 11. O-O h6 12. Bh4 Nd5 13. Bg3 N7f6 14. Ne5 Nxc3
15. Rxc3 Ne4 16. Qf3 Nf6 17. b4 Qb6 18. Bd3 Rf8 19. Rb1 Qd8 20. b5 Nd5 21. bxc6
Nxc3 22. cxb7 Bxb7 23. Rxb7 Bf6 24. Nd7 Re8 25. Bf4 Bg5 26. Bxg5 Qxg5 27. Ne5
f6 28. Bg6 Reb8 29. h4 Qxh4 30. Bf7+ Kh7 31. Bg6+ Kh8 32. Nf7+ Kg8 33. Qc6 Qg4
34. Bc2 Rxb7 35. Qxb7 Rf8 36. Nxh6+ 1-0

[Event "Oberliga Ost A 2018 2019"]
[Site "?"]
[Date "2019.03.23"]
[Round "8.8"]
[White "Kunze, Christopher"]
[Black "Mueller, Giso"]
[Result "1-0"]
[WhiteElo "2112"]
[BlackElo "2112"]
[PlyCount "45"]
[EventDate "2018.10.21"]
[EventType "team-tourn"]
[EventCountry "GER"]
[WhiteTeam "Dresden SG Gruen Weiss"]
[BlackTeam "Leipzig VfB Schach"]
[WhiteTeamCountry "GER"]
[BlackTeamCountry "GER"]

1. e4 e6 2. d3 d5 3. Nd2 Nf6 4. g3 dxe4 5. dxe4 e5 6. Bg2 b6 7. Ngf3 Nbd7 8.
O-O Bc5 9. Nb3 Bd6 10. Nh4 g6 11. Bh6 Qe7 12. Nd4 Rg8 13. Bg5 Ba6 14. Re1 Bc5
15. c3 O-O-O 16. Qa4 Bb7 17. b4 h6 18. bxc5 hxg5 19. c6 exd4 20. e5 gxh4 21.
Qxa7 Nc5 22. exf6 Qxf6 23. Bh3+ 1-0

[Event "Oberliga Ost A 2018 2019"]
[Site "?"]
[Date "2019.03.23"]
[Round "8.1"]
[White "Hoepfl, Thomas"]
[Black "Boehnisch, Manfred"]
[Result "0-1"]
[WhiteElo "2276"]
[BlackElo "2276"]
[PlyCount "48"]
[EventDate "2018.10.21"]
[EventType "team-tourn"]
[EventCountry "GER"]
[WhiteTeam "Halle USV"]
[BlackTeam "Leipzig SG II"]
[WhiteTeamCountry "GER"]
[BlackTeamCountry "GER"]

1. e4 c6 2. d4 d5 3. e5 c5 4. dxc5 e6 5. a3 Bxc5 6. b4 Bb6 7. Nf3 a5 8. b5 Nd7
9. Bd3 Ne7 10. O-O Ng6 11. Bxg6 hxg6 12. c4 dxc4 13. Nbd2 Qc7 14. Ne4 O-O 15.
Bf4 Bc5 16. Qe2 b6 17. Rfc1 Bb7 18. Rxc4 Bd5 19. Rcc1 Qb7 20. Nfd2 Rac8 21.
Nxc5 Nxc5 22. f3 a4 23. Nc4 Nb3 24. Nd6 Rxc1+ 0-1

[Event "Oberliga Ost A 2018 2019"]
[Site "?"]
[Date "2019.03.23"]
[Round "8.2"]
[White "Schunk, Thomas"]
[Black "Becker, Michael"]
[Result "0-1"]
[WhiteElo "2126"]
[BlackElo "2258"]
[PlyCount "134"]
[EventDate "2018.10.21"]
[EventType "team-tourn"]
[EventCountry "GER"]
[WhiteTeam "Leipzig SG II"]
[BlackTeam "Halle USV"]
[WhiteTeamCountry "GER"]
[BlackTeamCountry "GER"]

1. c4 c5 2. Nf3 Nc6 3. d4 cxd4 4. Nxd4 Nf6 5. Nc3 g6 6. e4 Nxd4 7. Qxd4 d6 8.
Be2 Bg7 9. O-O O-O 10. Qd2 a5 11. Rb1 a4 12. b4 axb3 13. axb3 Be6 14. Kh1 Qa5
15. Qc2 Rfc8 16. Bd2 Qe5 17. f4 Qd4 18. f5 Bd7 19. Be1 Bc6 20. Bf3 Nd7 21. Ne2
Qb6 22. fxg6 hxg6 23. Bg4 Nf6 24. Bf3 Qe3 25. Ng3 Ra3 26. Bb4 Ra6 27. Bd2 Qa7
28. Qc1 Ra2 29. Bh6 Qd4 30. Be3 Qd3 31. Rd1 Qc2 32. Qxc2 Rxc2 33. Rdc1 Rxc1+
34. Rxc1 Ra8 35. b4 Ra3 36. Bg1 Bh6 37. Rd1 Ba4 38. Rb1 Bc2 39. Re1 Nd7 40. e5
Nxe5 41. Bxb7 Ra4 42. b5 Rxc4 43. b6 Rb4 44. Bd5 e6 45. Bf3 Nxf3 46. gxf3 d5
47. Ra1 Bf4 48. Ne2 Be5 49. Ra8+ Kh7 50. Bc5 Rb1+ 51. Kg2 Bd3 52. f4 Bf6 53.
Kf3 Rb2 54. Nd4 Be4+ 55. Ke3 Bh4 56. Ne2 Rb3+ 57. Kd2 d4 58. Ra2 Bf2 59. Ng3
Bd5 60. Ra4 Be3+ 61. Ke1 Bf3 62. Ra1 Rb5 63. Bd6 Rxb6 64. Be5 Rb2 65. f5 gxf5
66. h4 f4 67. Ne4 Bxe4 0-1